| 000 | 02027nam a2200253Ia 4500 | ||
|---|---|---|---|
| 003 | Ost | ||
| 005 | 20260507074917.0 | ||
| 008 | 260507s9999||||xx |||||||||||||| ||und|| | ||
| 020 | _a9957121782 | ||
| 040 | _cfsecg | ||
| 041 | _aara | ||
| 082 | _a658.8 | ||
| 100 |
_aالطائي، حميد _eمؤلف |
||
| 245 | 0 |
_aإدارة المبيعات / _c حميد الطائي |
|
| 260 |
_aعمان: _bدار اليازوري, _c2009 |
||
| 300 |
_a364 صفحة؛ _bإيضاحات ؛ _c25 سم |
||
| 504 | _aبيبليوغرافيا في نهاية كل فصل | ||
| 520 | _aإدارة المبيعات بين المفهوم والتطبيق يعدّ من الكتب العملية التي تتناول بالعرض والشرح والتوضيح آليات البيع، كفن وعلم، وتقدم للقارئ الكريم منظوراً إستراتيجياً متعمقاً، وأدلة إرشادية واضحة ودقيقة، تساعد إدارة المبيعات في المنظمة على صوغ الإستراتيجيات البيعية الفاعلة، وتنفيذها، ومتابعتها، إنه كتاب مبسّط من حيث إلتزامه بالمبادئ والأسس النظرية، والمفاهيمية، والتطبيقية، وسهولة الطرح والإستقراء والإستنتاج، وعمق التحليل على مبدأ "السهل الممتنع وتبصرة محتوياته كالتالي مدخل مفاهيمي لوظيفة البيع وادارة المبيعات، البيع الشحصي، تنظيم النشاط البيعي، طرق التنبؤ بالمبيعات، الاستقطاب والاختيار وتعيين مندوبي المبيعات، تدريب مندوبي المبيعات، القيادة والتحفيز والتعويض، تحديد فاعلية وكفاية أداء القوى البيعية | ||
| 653 | _aالادارة | ||
| 653 | _aالادارة العامة | ||
| 653 | _aالتسويق | ||
| 653 | _aمبيعات | ||
| 942 | _cكتاب | ||
| 999 |
_c41775 _d41775 |
||